Psychology: the science of the mind and behaviour. -- 5th ed. (Record no. 55246)

MARC details
000 -LEADER
fixed length control field 00685nam a2200181 a 4500
008 - FIXED-LENGTH DATA ELEMENTS--GENERAL INFORMATION
fixed length control field 090325s2005 ||||||||||||||||| || u
020 ## - INTERNATIONAL STANDARD BOOK NUMBER
International Standard Book Number 0340900989
050 ## - LIBRARY OF CONGRESS CALL NUMBER
Classification number BF 121 Gro
100 ## - MAIN ENTRY--PERSONAL NAME
Personal name Gross, Richard
245 10 - TITLE STATEMENT
Title Psychology: the science of the mind and behaviour. -- 5th ed.
Statement of responsibility, etc. by Richard Gross
250 ## - EDITION STATEMENT
Edition statement 5th ed.
260 ## - PUBLICATION, DISTRIBUTION, ETC.
Place of publication, distribution, etc. London:
Name of publisher, distributor, etc. Hodder Arnold
Date of publication, distribution, etc. 2005
300 ## - PHYSICAL DESCRIPTION
Extent xiii, 1007p.: ill + CD-ROM
350 ## - PRICE (NR) (BK AM CF MU VM SE) [OBSOLETE]
Price 0.00
500 ## - GENERAL NOTE
General note Accompanied by a CD-ROM. (See Cybrary staff)
650 #3 - SUBJECT ADDED ENTRY--TOPICAL TERM
Topical term or geographic name entry element PSYCHOLOGY
995 ## - RECOMMENDATION 995 [LOCAL, UNIMARC FRANCE]
-- 0.00
-- CBU-MAIN LIBRARY (Kitwe)
-- 1
-- 0.00
-- 1
-- AVAILABLE
-- May 18, 2009
-- Main Library Open Access Collection
Holdings
Withdrawn status Lost status Source of classification or shelving scheme Damaged status Not for loan Home library Current library Shelving location Date acquired Total Checkouts Full call number Barcode Date last seen Price effective from Koha item type
          CBU-MAIN LIBRARY, KITWE. CBU-MAIN LIBRARY, KITWE.   11/30/2022   BF 121 Gro 740077 11/30/2022 11/30/2022 MONOGRAPH